Obálka Náhled e-knihy:
PDF
Pro půjčování e-knih musíte být přihlášeni.
Jak si půjčit online?

Kouzelné Vánoce : sváteční inspirace z českých blogů a Instagramu

Vánoční inspirace od osobností internetu a sociálních sítí ve fotografické publikaci. Recepty na vánoční jídlo a pečivo, příprava vánočního stolu, výroba dekorací, adventních věnců i kalendářů pro děti.

Uloženo v:
Médium: E-kniha
Jazyk:Czech
Vydáno: Praha : Fragment, 2022
Vydání:1. vydání
Témata:
Tagy:
Žádné tagy
LEADER 02509nam a2200613 i 4500
001 311686
003 CZ PrSKC
005 20260601215710.0
007 ta
008 221028s2022 xr ac g f 000 0 cze
015 |a cnb003467137 
020 |a 9788025360354  |q (vázáno) :  |c Kč 499,00 
035 |a (OCoLC)1354195527 
040 |a BOA001  |b cze  |d ABA001  |e rda 
043 |a e-xr--- 
072 7 |a 398  |x Folklor. Lidové tradice  |2 Konspekt 
080 |a 398.332.416  |2 MRF 
080 |a 688.76:398.332.416  |2 MRF 
080 |a 641.56:398.332.416  |2 MRF 
080 |a 641.85:398.332.416  |2 MRF 
080 |a 004.774.6-055.2  |2 MRF 
080 |a (437.3)  |2 MRF 
080 |a (035)  |2 MRF 
080 |a (083.12)  |2 MRF 
245 0 0 |a Kouzelné Vánoce :  |b sváteční inspirace z českých blogů a Instagramu 
246 3 0 |a Vánoce 
250 |a 1. vydání 
264 1 |a Praha :  |b Fragment,  |c 2022 
300 |a 154 stran, 20 nečíslovaných stran :  |b barevné ilustrace, portréty ;  |c 26 cm 
336 |a text  |b txt  |2 rdacontent 
336 |a statický obraz  |b sti  |2 rdacontent 
337 |a bez média  |b n  |2 rdamedia 
338 |a svazek  |b nc  |2 rdacarrier 
520 2 |a Vánoční inspirace od osobností internetu a sociálních sítí ve fotografické publikaci. Recepty na vánoční jídlo a pečivo, příprava vánočního stolu, výroba dekorací, adventních věnců i kalendářů pro děti. 
650 0 7 |a Vánoce  |7 ph117162  |2 czenas 
650 0 7 |a vánoční dekorace  |7 ph127341  |2 czenas 
650 0 7 |a vánoční jídla  |7 ph116661  |2 czenas 
650 0 7 |a vánoční cukroví  |7 ph938750  |2 czenas 
650 0 7 |a blogerky  |7 ph954050  |z Česko  |2 czenas 
650 0 9 |a Christmas  |2 eczenas 
650 0 9 |a Christmas decoration  |2 eczenas 
650 0 9 |a Christmas cookery  |2 eczenas 
650 0 9 |a Christmas sweets  |2 eczenas 
650 0 9 |a women bloggers  |z Czechia  |2 eczenas 
655 7 |a příručky  |7 fd133209  |2 czenas 
655 7 |a kuchařské recepty  |7 fd132687  |2 czenas 
655 9 |a handbooks and manuals  |2 eczenas 
655 9 |a cookbooks  |2 eczenas 
900 |a ABA001  |b 19 
928 9 |a Albatros Media - Fragment 
044 |a xr 
910 |a RBIT002 
998 |d 361286  |a https://core.palmknihy.cz/api/books/361286/cover?sp54ob  |b https://core.palmknihy.cz/api/books/361286/cover/400?sp54ob  |c https://core.palmknihy.cz/api/books/361286/cover/50?sp54ob  |e 2032-12-31  |g 176  |i 9788025360354  |k https://core.palmknihy.cz/api/books/361286/preview.pdf  |l   |q 49  |r 1  |s https://www.palmknihy.cz/kniha/361286  |t ebook  |y 2022  |z 0 
999 |d 311684